000 00311nam a22001457a 4500
008 221004b ||||| |||| 00| 0 eng d
020 _a9781635820997
041 _aeng
080 _a33
082 _a33 BUR
100 _a21.1
101 _aBIZ
245 _aTHERE IS NO BUSINESS
_cBURKE P
942 _2udc
_cBK
999 _c58336
_d58336